000 00783nam a2200229Ia 4500
008 191130s2010##################000#0#eng##
020 _a9781848444072
022 _a2009937921
040 _aACL
_cACL
082 _a346.4 MIC
245 _aEuropean private law after the common frame of reference
_ceditors, Hans-W. Micklitz, Fabrizio Cafaggi
260 _aCheltenham, UK ; Northampton, MA
_bEdward Elgar
_cc2010
300 _axlvi, 231 p. ; 24 cm
500 _aIncludes bibliographical references and index
650 _aCivil law - Europe - International unification
650 _aCivil law - European Union countries
700 _aCafaggi, Fabrizio
700 _aMicklitz, Hans-W
990 _a49d33a15ac10000c03085adfd6190c38
991 _a292302
999 _c178151
_d178151